| 000 | 00769nam a2200205 4500 | ||
|---|---|---|---|
| 999 |
_c289 _d289 |
||
| 008 | 151127b xxu||||| |||| 00| 0 eng d | ||
| 020 | _a9789719919551 | ||
| 082 |
_22014 _aDFil 658.1511 _bC112 |
||
| 100 |
_9661 _aCabrera, Ma. Elenita B. |
||
| 245 |
_aManagement accounting: _bconcepts and applications/ _cMa. Elenita B. Cabrera. |
||
| 250 | _a2014 Edition | ||
| 260 |
_aPhilippines: _bGIC Enterprises & Co., Inc., _cc2014. |
||
| 300 |
_axx, 1057 pages: _bIllustrations; _c23 cm. |
||
| 500 | _aIncludes appendix and references | ||
| 650 | 0 |
_910266 _aManagement accounting |
|
| 650 | 0 |
_9665 _aManagement Accounting _xProblems, Exercises, etc. |
|
| 650 | 0 |
_9666 _aManagerial Accounting |
|
| 650 | 0 |
_9667 _aManagerial Accounting _xProblems, Exercises, etc. |
|
| 942 |
_2ddc _cDFIL |
||